Vakyayarth vivechanam (Record no. 48956)

000 -LEADER
fixed length control field 00442nam a22001811a 4500
020 ## - INTERNATIONAL STANDARD BOOK NUMBER
Terms of availability 0.00
040 ## - CATALOGING SOURCE
Original cataloging agency SSUS - Library - Kalady
082 ## - DEWEY DECIMAL CLASSIFICATION NUMBER
Classification number S 491.25
Item number DHA/V
100 ## - MAIN ENTRY--PERSONAL NAME
Personal name Dhanudhar Jha
245 ## - TITLE STATEMENT
Title Vakyayarth vivechanam
Medium [Text]
260 ## - PUBLICATION, DISTRIBUTION, ETC.
Place of publication, distribution, etc. Delhi
Name of publisher, distributor, etc. Nag
Date of publication, distribution, etc. 2002
300 ## - PHYSICAL DESCRIPTION
Extent 353p.
600 ## - SUBJECT ADDED ENTRY--PERSONAL NAME
Personal name Grammar Sanskrit
600 ## - SUBJECT ADDED ENTRY--PERSONAL NAME
Personal name Language Sanskrit
600 ## - SUBJECT ADDED ENTRY--PERSONAL NAME
Personal name Language
852 ## - LOCATION
-- 65.00
--
942 ## - ADDED ENTRY ELEMENTS (KOHA)
Koha item type Book
Holdings
Withdrawn status Lost status Damaged status Not for loan Permanent Location Current Location Shelving location Date acquired Cost, normal purchase price Total Checkouts Full call number Barcode Date last seen Cost, replacement price Price effective from Koha item type
Write off     Not For Loan Sree Sankaracharya University of Sanskrit Sree Sankaracharya University of Sanskrit Stacks 08.01.2015 65.00   S 491.25 DHA/V 042114 12.05.2015 0.00 08.01.2015 Book